Top 5 Most Powerful Oceanian Passports - Statistics

General Stats
  • This quiz has been taken 52 times
    25 since last reset
  • The average score is 5 of 6
Answer Stats
Ranking Access Country % Correct
2nd 184 Australia
100%
1st 186 New Zealand
100%
4th 131 Samoa
90%
3rd 135 Vanuatu
85%
5th 129 Tonga
80%
4th 131 Solomon Islands
70%
No matching quizzes found
Score Distribution
Percent of People with Each Score
Percentile by Number Answered
Your Score History
You have not taken this quiz since the last reset